画像→機種(旅客機) - Statistics

General Stats
  • This quiz has been taken 13 times
  • The average score is 18 of 24
Answer Stats
Picture Answer % Correct
A380-800
100%
A350-900
91%
737-400
82%
737-700
82%
737-800
82%
747-400
82%
747-8
82%
777-200
82%
777-300
82%
787-10
82%
787-8
82%
787-9
82%
A320
82%
A340-600
82%
737-500
73%
757-200
73%
767-300
73%
A319
73%
A321
73%
737-900
64%
757-300
64%
A318
55%
A330-300
55%
DHC-8-Q400
55%
No matching quizzes found
Score Distribution
Percent of People with Each Score
Percentile by Number Answered
Your Score History
You have not taken this quiz